[Event "Titled Tuesday intern op 04th Jul Early"]
[Site "Chess.com INT"]
[Date "2023.07.04"]
[Round "8"]
[White "Amburgy, Ryan"]
[Black "Avila Bautista, Roberto Al"]
[Result "1-0"]
[WhiteElo "2293"]
[BlackElo "2251"]
[PlyCount "85"]
[EventDate "2023.07.04"]
[EventType "swiss (blitz)"]
[EventRounds "11"]
[EventCountry "USA"]
[SourceTitle "EXT 2024"]
[Source "ChessBase"]
[SourceDate "2023.10.10"]
[SourceVersion "1"]
[SourceVersionDate "2023.10.10"]
[SourceQuality "1"]

1. d4 Nf6 2. c4 g6 3. Nc3 c5 4. d5 d6 5. e4 Bg7 6. h3 0-0 7. Nf3 Na6 8. Bd3 Nc7 9. 0-0 a6 10. a4 Rb8 11. Re1 Bd7 12. e5 Nfe8 13. Bg5 dxe5 14. Ne4 b6 15. a5 f5 16. axb6 Rxb6 17. Nxc5 e4 18. Bxe4 fxe4 19. Rxe4 Nf6 20. Re2 h6 21. Be3 Rb4 22. Ne5 Be8 23. Qd2 Rb6 24. Bxh6 Qd6 25. Bxg7 Kxg7 26. Ned3 Bf7 27. Qg5 Rfb8 28. Rae1 Re8 29. b4 Rbb8 30. f4 Nh7 31. Qg4 Qf6 32. Nd7 Qf5 33. Qxf5 gxf5 34. Nxb8 Rxb8 35. Rxe7 Ne8 36. c5 Nef6 37. d6 Ne4 38. Nf2 Nxf2 39. Kxf2 Kf6 40. Rc7 Nf8 41. d7 Rd8 42. c6 Ne6 43. Rc8 1-0

[Event "Titled Tuesday intern op 04th Jul Early"]
[Site "Chess.com INT"]
[Date "2023.07.04"]
[Round "9"]
[White "Avila Bautista, Roberto Al"]
[Black "Rozhkov, Viacheslav"]
[Result "1-0"]
[WhiteElo "2251"]
[BlackElo "2145"]
[PlyCount "61"]
[EventDate "2023.07.04"]
[EventType "swiss (blitz)"]
[EventRounds "11"]
[EventCountry "USA"]
[SourceTitle "EXT 2024"]
[Source "ChessBase"]
[SourceDate "2023.10.10"]
[SourceVersion "1"]
[SourceVersionDate "2023.10.10"]
[SourceQuality "1"]

1. Nf3 Nf6 2. c4 b6 3. g3 c5 4. Bg2 Bb7 5. 0-0 g6 6. Nc3 Bg7 7. b3 0-0 8. Bb2 d6 9. d4 cxd4 10. Qxd4 Nc6 11. Qd2 Rc8 12. Rfd1 a6 13. Rac1 Qc7 14. Nd5 Qd8 15. Nxf6+ exf6 16. Qxd6 Qe8 17. e3 Ne5 18. Nxe5 Bxg2 19. Kxg2 fxe5 20. Qxb6 Rc6 21. Qb7 Qe6 22. Qd7 Qf6 23. Bxe5 Qxe5 24. Qxc6 h5 25. h4 Re8 26. Qd5 Qe7 27. c5 Bh6 28. c6 g5 29. hxg5 Bxg5 30. c7 Rc8 31. Qf5 1-0

[Event "Titled Tuesday intern op 04th Jul Early"]
[Site "Chess.com INT"]
[Date "2023.07.04"]
[Round "10"]
[White "Avila Bautista, Roberto Al"]
[Black "Todorovic, Bojan"]
[Result "1-0"]
[WhiteElo "2251"]
[BlackElo "2195"]
[PlyCount "77"]
[EventDate "2023.07.04"]
[EventType "swiss (blitz)"]
[EventRounds "11"]
[EventCountry "USA"]
[SourceTitle "EXT 2024"]
[Source "ChessBase"]
[SourceDate "2023.10.10"]
[SourceVersion "1"]
[SourceVersionDate "2023.10.10"]
[SourceQuality "1"]

1. Nf3 g6 2. c4 Bg7 3. g3 Nf6 4. Bg2 0-0 5. 0-0 d6 6. Nc3 c6 7. b3 a6 8. Bb2 b5 9. cxb5 axb5 10. Nd4 Ra6 11. Qc1 b4 12. Ne4 Nxe4 13. Bxe4 c5 14. Nc2 Bxb2 15. Qxb2 Nc6 16. Rfd1 Qb6 17. Ne3 Be6 18. Bd5 Nd4 19. Bxe6 fxe6 20. Re1 Rfa8 21. Nc2 e5 22. Nxd4 exd4 23. e3 e5 24. exd4 cxd4 25. Qc2 Qc6 26. Qb2 R8a7 27. Rec1 Qa8 28. Qc2 Rxa2 29. Rxa2 Rxa2 30. Qc4+ Kg7 31. Qc7+ Kh6 32. Qxd6 Qf3 33. Qxb4 Rb2 34. h4 Rxb3 35. Qe7 Qf5 36. Qd6 Rb2 37. Rd1 Rc2 38. Qd8 e4 39. Re1 1-0

[Event "Titled Tuesday intern op 04th Jul Early"]
[Site "Chess.com INT"]
[Date "2023.07.04"]
[Round "4"]
[White "Fromm, Marius"]
[Black "Avila Bautista, Roberto Al"]
[Result "1-0"]
[WhiteElo "2457"]
[BlackElo "2251"]
[PlyCount "87"]
[EventDate "2023.07.04"]
[EventType "swiss (blitz)"]
[EventRounds "11"]
[EventCountry "USA"]
[SourceTitle "EXT 2024"]
[Source "ChessBase"]
[SourceDate "2023.10.10"]
[SourceVersion "1"]
[SourceVersionDate "2023.10.10"]
[SourceQuality "1"]

1. e4 c5 2. Nf3 g6 3. d4 cxd4 4. Qxd4 Nf6 5. Nc3 Nc6 6. Qa4 d6 7. e5 dxe5 8. Nxe5 Bg7 9. Bb5 0-0 10. Nxc6 bxc6 11. Bxc6 Bd7 12. 0-0 Bxc6 13. Qxc6 Rc8 14. Qf3 Qb6 15. Rb1 Rfd8 16. Be3 Qa5 17. Rfd1 Rxd1+ 18. Rxd1 Qb4 19. Bc1 h5 20. h3 e6 21. Qf4 Qb7 22. a3 Nd5 23. Nxd5 exd5 24. c3 Qb3 25. Qf3 d4 26. cxd4 Qxf3 27. gxf3 Bxd4 28. Rxd4 Rxc1+ 29. Kg2 Rc7 30. Ra4 Rb7 31. b4 Rd7 32. Ra6 Kg7 33. f4 h4 34. Kf3 Kh6 35. Kg4 Rc7 36. Kxh4 Rd7 37. Kg4 Rc7 38. f5 Rd7 39. fxg6 fxg6 40. f4 Kg7 41. h4 Kh7 42. Kg5 Kg7 43. Rxg6+ Kf7 44. Ra6 1-0

[Event "Titled Tuesday intern op 04th Jul Early"]
[Site "Chess.com INT"]
[Date "2023.07.04"]
[Round "1"]
[White "Lazavik, Denis"]
[Black "Avila Bautista, Roberto Al"]
[Result "1-0"]
[WhiteElo "2553"]
[BlackElo "2251"]
[PlyCount "81"]
[EventDate "2023.07.04"]
[EventType "swiss (blitz)"]
[EventRounds "11"]
[EventCountry "USA"]
[SourceTitle "EXT 2024"]
[Source "ChessBase"]
[SourceDate "2023.10.10"]
[SourceVersion "1"]
[SourceVersionDate "2023.10.10"]
[SourceQuality "1"]

1. d4 Nf6 2. c4 c5 3. d5 d6 4. Nc3 g6 5. e4 Bg7 6. Bd3 0-0 7. h3 Na6 8. Nf3 Nc7 9. Be3 a6 10. a4 Bd7 11. a5 Rb8 12. 0-0 b6 13. axb6 Rxb6 14. Qd2 Qb8 15. Ra2 Qb7 16. e5 Nfe8 17. Bh6 dxe5 18. Bxg7 Kxg7 19. Nxe5 Bc8 20. Na4 Rb4 21. Nxc5 Qb6 22. Ncd7 Bxd7 23. Nxd7 Qd6 24. Qc3+ f6 25. Nxf8 Kxf8 26. c5 Qf4 27. g3 Qd4 28. Qxd4 Rxd4 29. Bxa6 Rxd5 30. b4 f5 31. Rc1 Nf6 32. b5 Ne4 33. b6 Nxa6 34. Rxa6 Rxc5 35. Ra8+ Kf7 36. Rb1 Rc2 37. b7 Nxf2 38. b8Q Nxh3+ 39. Kf1 Rf2+ 40. Ke1 Rg2 41. Qf8+ 1-0

[Event "Titled Tuesday intern op 27th Jun Early"]
[Site "Chess.com INT"]
[Date "2023.06.27"]
[Round "3"]
[White "Avila Bautista, Roberto Al"]
[Black "Do Valle Cardoso, Lucas"]
[Result "0-1"]
[WhiteElo "2251"]
[BlackElo "2247"]
[PlyCount "70"]
[EventDate "2023.06.27"]
[EventType "swiss (blitz)"]
[EventRounds "11"]
[EventCountry "USA"]
[SourceTitle "EXT 2024"]
[Source "ChessBase"]
[SourceDate "2023.10.10"]
[SourceVersion "1"]
[SourceVersionDate "2023.10.10"]
[SourceQuality "1"]

1. Nf3 d5 2. b3 Nf6 3. Bb2 e6 4. g3 Be7 5. Bg2 0-0 6. 0-0 c5 7. e3 b6 8. Qe2 Bb7 9. Rd1 Nbd7 10. c4 Rc8 11. Nc3 Qc7 12. d3 Qb8 13. h4 Rfd8 14. Rac1 Bf8 15. cxd5 Nxd5 16. Nxd5 Bxd5 17. e4 Bb7 18. Bh3 h6 19. Bc3 Bd6 20. Qb2 Bf8 21. Ne5 Nxe5 22. Bxe5 Qa8 23. f4 Bc6 24. Rd2 Qb7 25. Rf1 Qa6 26. Rfd1 Qb7 27. Rf1 b5 28. f5 exf5 29. Bxf5 Bd7 30. Rdf2 Bxf5 31. Rxf5 Rd7 32. R1f3 c4 33. dxc4 bxc4 34. h5 Qxe4 35. Rf2 Bc5 0-1